Revista iberoamericana : órgano del Instituto Internacional de Literatura Iberoamericana : abril de 1940 /

Esta revista surgió de la iniciativa tomada en el Primer Congreso Internacional de Literatura Iberoamericana, de coordinar y revelar el sentido de la obra literaria de América. Este propósito se lograría mediante la elaboración de la historia de las ideas que han prevalecido en el continente y a las...

Täydet tiedot

Tallennettuna:
Bibliografiset tiedot
Aineistotyyppi: Kirja
Kieli:espanja
Aiheet:
Tagit: Lisää tagi
Ei tageja, Lisää ensimmäinen tagi!

MARC

LEADER 00000nam^a2200000^a^4500
001 000116881
005 20250521000000.0
009 20260310094146.894
037 |a Acervo ITESO - Biblioteca 
041 |a ESP 
082 |a 805.  |b IBE V. 3 
240 1 1 |a [Revista Iberoamericana] 
245 1 0 |a Revista iberoamericana :  |b órgano del Instituto Internacional de Literatura Iberoamericana : abril de 1940 / 
264 |a México :  |b Instituto Internacional de Literatura Iberoamericana,  |c 1940 
300 |a 294 p. 
336 |a texto  |b txt  |2 rdacontenido 
337 |a sin mediación  |b n  |2 rdamedio 
338 |a volumen  |b nc  |2 rdasoporte 
520 |a Esta revista surgió de la iniciativa tomada en el Primer Congreso Internacional de Literatura Iberoamericana, de coordinar y revelar el sentido de la obra literaria de América. Este propósito se lograría mediante la elaboración de la historia de las ideas que han prevalecido en el continente y a las que se ha dado expresión en la obra literaria. 
649 |a XX 
650 |a Literatura Latinoamericana -  |x Publicaciones Periódicas 
650 |a Escritores Peruanos -  |x Biografías 
650 |a Escritores Cubanos -  |x Biografías 
650 |a Escritores Nicaragüenses -  |x Biografías 
650 |a Escritores Uruguayos 
650 |a Independentistas Colombianos -  |x Memorias 
650 |a Revolucionarios Colombianos -  |x Memorias 
650 |a Racionalismo 
650 |a Filosofía Moderna 
650 |a Filosofía -  |z Latinoamérica 
650 |a Modernismo (Literatura) 
650 |a Novela Ecuatoriana 
650 |a Novela Cubana 
650 |a Novela Argentina 
650 |a Literatura Peruana -  |y Siglo XVIII 
650 |a Literatura Cubana -  |y Siglo XIX 
650 |a Literatura Colombiana -  |y Siglo XIX 
650 |a Literatura Ecuatoriana -  |y Siglo XVIII 
650 |a Literatura Argentina -  |y Siglo XX 
650 |a Literatura Nicaragüense -  |y Siglo XX 
650 |a Literatura Uruguaya -  |y Siglo XX 
650 |a Literatura Peruana -  |x Historia y Crítica 
650 |a Literatura Cubana -  |x Historia y Crítica 
650 |a Literatura Colombiana -  |x Historia y Crítica 
650 |a Literatura Ecuatoriana -  |x Historia y Crítica 
650 |a Literatura Argentina -  |x Historia y Crítica 
650 |a Literatura Nicaragüense -  |x Historia y Crítica 
650 |a Literatura Uruguaya -  |x Historia y Crítica 
650 |a Colombia -  |x Historia -  |y Guerra de Independencia, 1810-1819 
650 |a Colombia -  |x Historia -  |y Epoca Colonial, 1550-1819 
650 |a Valle Caviedes, Juan del 
650 |a Heredia, José María 
650 |a Espinosa, José María 
910 |a Fondo Salvador Reynoso Reynoso 
920 |a Impresos - Libros 
930 |a Fondos Especiales 
940 |a Literatura 
905 |a 112 
901 |a 0800003826  |b IT2  |c ESP  |u 20250521 
902 |a https://opac.biblio.iteso.mx/vufind/Record/000116881